000 00305nam a22001337a 4500
008 180913b xxu||||| |||| 00| 0 eng d
020 _a0256025282
041 _aeng
080 _a338
100 _a53
101 _aMAN
245 _aProduction Operations Management
_cStevenson.W.J
942 _2udc
_cBK
999 _c47738
_d47738